000 00780 a2200193 4500
005 20260423122624.0
008 260420b |||||||| |||| 00| 0 eng d
020 _a9789357327565
080 _a89M-94
_bSHA/N
100 _aShailaja,K. K.
100 _aManju Sara Rajan
245 _aNischayadhardyam Karuthayi Shailaja Teacherude Ormakkurippukal(നിശ്ചയദാർഢ്യം കരുത്തായി :ശൈലജ ടീച്ചറുടെ ഓർമക്കുറിപ്പുകൾ)Nischayadhardyam Karuthayi Shailaja Teacherude Ormakkurippukal
260 _bD C books.
_aKottayam.
_c2024.
300 _a400p.
500 _a"My Life as a Comrade"English Title
653 _aMemories-Malayalam Translation
700 _aSithara S;tr.by
942 _cBK
999 _c115242
_d115241